[Event "NED-ch U10"]
[Site "Borne"]
[Date "2013.08.07"]
[Round "7"]
[White "Hematyar, Parisa"]
[Black "Kudlicka, Nathan"]
[Result "1-0"]
[WhiteElo "100"]
[BlackElo "217"]
[PlyCount "51"]
[EventDate "2013.04.??"]
[EventType "swiss"]
[EventRounds "12"]
[EventCountry "NED"]
[SourceTitle "EXT 2015"]
[Source "ChessBase"]
[SourceDate "2014.11.20"]
[SourceVersion "1"]
[SourceVersionDate "2014.11.20"]
[SourceQuality "1"]

1. e4 e5 2. Nf3 Nf6 3. Nc3 Nxe4 4. Nxe4 Be7 5. Nxe5 0-0 6. Bc4 h6 7. 0-0 Bd6 8. Nf3 Qe7 9. d3 Qd8 10. Nd4 Be5 11. Nf3 Nc6 12. d4 Bxd4 13. c3 Qe7 14. cxd4 d6 15. Nfd2 Bf5 16. f3 Nxd4 17. g4 Bxe4 18. fxe4 Qf6 19. Nb3 Qh4 20. Nxd4 Qxg4+ 21. Kf2 Qh4+ 22. Ke2 Qxh2+ 23. Ke3 Qg3+ 24. Rf3 Qg5+ 25. Rf4 Qg3+ 26. Nf3 1-0